[Event "High League 2022 women"]
[Site "Obninsk"]
[Date "2022.07.05"]
[Round "9.14"]
[White "Loskutova, Viktoriya"]
[Black "Paramzina, Anastasya"]
[Result "0-1"]
[LiveChessVersion "1.4.7"]
[BlackElo "2256"]
[WhiteElo "2153"]

1. e4 {[%clk 1:30:58]} c5 {[%clk 1:25:16]} 2. Nf3 {[%clk 1:31:21]} d6
{[%clk 1:25:42]} 3. d4 {[%clk 1:31:47]} cxd4 {[%clk 1:26:00]} 4. Nxd4
{[%clk 1:32:09]} Nf6 {[%clk 1:25:59]} 5. Nc3 {[%clk 1:32:33]} a6 {[%clk 1:26:27]}
6. Be2 {[%clk 1:32:55]} e5 {[%clk 1:26:43]} 7. Nb3 {[%clk 1:33:21]} Be7
{[%clk 1:26:58]} 8. Be3 {[%clk 1:33:38]} Be6 {[%clk 1:21:38]} 9. O-O
{[%clk 1:33:44]} O-O {[%clk 1:18:56]} 10. Re1 {[%clk 1:33:57]} Nbd7
{[%clk 1:15:35]} 11. a4 {[%clk 1:33:40]} Nb6 {[%clk 1:06:24]} 12. a5
{[%clk 1:25:39]} Nc4 {[%clk 1:06:16]} 13. Bxc4 {[%clk 1:20:00]} Bxc4
{[%clk 1:05:31]} 14. Nd2 {[%clk 1:19:11]} Be6 {[%clk 1:05:22]} 15. Nf1
{[%clk 1:19:16]} h6 {[%clk 0:58:48]} 16. Qd2 {[%clk 1:05:22]} Rc8
{[%clk 0:52:45]} 17. f3 {[%clk 1:01:58]} Qc7 {[%clk 0:48:39]} 18. Bb6
{[%clk 0:56:35]} Qc6 {[%clk 0:48:11]} 19. Ne3 {[%clk 0:56:46]} Bd8
{[%clk 0:40:48]} 20. Ncd5 {[%clk 0:43:00]} Bxd5 {[%clk 0:40:48]} 21. exd5
{[%clk 0:43:24]} Qd7 {[%clk 0:40:55]} 22. Bxd8 {[%clk 0:42:00]} Qxd8
{[%clk 0:40:43]} 23. b3 {[%clk 0:35:21]} Nh5 {[%clk 0:13:35]} 24. Nc4
{[%clk 0:31:12]} f5 {[%clk 0:12:15]} 25. Nb6 {[%clk 0:28:44]} Rc7
{[%clk 0:12:15]} 26. c4 {[%clk 0:28:08]} e4 {[%clk 0:09:36]} 27. fxe4
{[%clk 0:22:37]} fxe4 {[%clk 0:09:57]} 28. Qe2 {[%clk 0:16:19]} Qg5
{[%clk 0:06:22]} 29. Qxe4 {[%clk 0:16:08]} Nf4 {[%clk 0:06:47]} 30. Kh1
{[%clk 0:14:48]} Re7 {[%clk 0:06:14]} 31. Qf3 {[%clk 0:09:08]} Ref7
{[%clk 0:06:12]} 32. Qg3 {[%clk 0:08:02]} Qf6 {[%clk 0:06:18]} 33. h3
{[%clk 0:06:46]} h5 {[%clk 0:05:18]} 34. b4 {[%clk 0:05:30]} h4 {[%clk 0:05:50]}
35. Qg4 {[%clk 0:05:03]} Nd3 {[%clk 0:03:13]} 36. Qe6 Nxe1 {[%clk 0:03:38]} 37.
Qxf6 {[%clk 0:05:15]} Rxf6 38. Rxe1 Rf1+ {[%clk 0:04:01]} 39. Rxf1
{[%clk 0:06:06]} Rxf1+ {[%clk 0:04:28]} 40. Kh2 {[%clk 0:24:56]} Rc1
{[%clk 0:07:44]} 41. b5 {[%clk 0:17:38]} Kf8 {[%clk 0:08:05]} 42. bxa6
{[%clk 0:17:48]} bxa6 {[%clk 0:07:55]} 43. Nd7+ {[%clk 0:11:13]} Kf7
{[%clk 0:07:59]} 44. Nb8 {[%clk 0:11:37]} Rxc4 {[%clk 0:08:12]} 45. Nxa6 Ra4 0-1

[Event "High League 2022 women"]
[Site "Obninsk"]
[Date "2022.07.05"]
[Round "9.15"]
[White "Volchkova, Alena"]
[Black "Afonasieva, Anna"]
[Result "1/2-1/2"]
[LiveChessVersion "1.4.7"]
[BlackElo "2232"]
[WhiteElo "1823"]

1. e4 {[%clk 1:30:58]} c5 {[%clk 1:29:52]} 2. Nf3 {[%clk 1:31:21]} e6
{[%clk 1:30:17]} 3. d4 {[%clk 1:31:45]} cxd4 {[%clk 1:30:42]} 4. Nxd4
{[%clk 1:32:12]} a6 {[%clk 1:31:06]} 5. Nc3 {[%clk 1:32:38]} Qc7 {[%clk 1:31:30]}
6. g3 {[%clk 1:33:03]} Nf6 {[%clk 1:31:50]} 7. Bg2 {[%clk 1:33:20]} Be7
{[%clk 1:32:13]} 8. O-O {[%clk 1:33:40]} O-O {[%clk 1:32:32]} 9. Re1
{[%clk 1:27:45]} d6 {[%clk 1:32:42]} 10. Be3 {[%clk 1:26:15]} Nc6
{[%clk 1:32:12]} 11. Nxc6 {[%clk 1:25:49]} bxc6 {[%clk 1:32:02]} 12. Na4
{[%clk 1:25:14]} Rb8 {[%clk 1:21:03]} 13. c4 {[%clk 1:20:52]} e5 {[%clk 1:20:14]}
14. h3 {[%clk 1:20:02]} Be6 {[%clk 1:13:23]} 15. b3 {[%clk 1:18:07]} Rfd8
{[%clk 1:10:43]} 16. Rc1 {[%clk 1:13:29]} Qb7 {[%clk 1:07:36]} 17. Qe2
{[%clk 1:06:47]} Nd7 {[%clk 0:59:15]} 18. Red1 {[%clk 1:04:26]} Rbc8
{[%clk 0:55:57]} 19. Qb2 {[%clk 0:54:36]} f5 {[%clk 0:51:54]} 20. exf5
{[%clk 0:48:37]} Bxf5 {[%clk 0:52:15]} 21. c5 {[%clk 0:47:37]} d5
{[%clk 0:48:19]} 22. Nb6 {[%clk 0:47:19]} d4 {[%clk 0:41:56]} 23. Nxc8
{[%clk 0:45:24]} Rxc8 {[%clk 0:40:11]} 24. Bxd4 {[%clk 0:40:47]} exd4
{[%clk 0:40:31]} 25. Qxd4 {[%clk 0:41:03]} Nf8 {[%clk 0:38:13]} 26. Qe5
{[%clk 0:39:33]} Bg6 {[%clk 0:35:57]} 27. h4 {[%clk 0:37:49]} Re8
{[%clk 0:34:43]} 28. Qf4 {[%clk 0:34:04]} Ne6 {[%clk 0:31:00]} 29. Qa4
{[%clk 0:34:01]} Nd8 {[%clk 0:28:49]} 30. Qg4 {[%clk 0:29:36]} Bf7
{[%clk 0:23:27]} 31. Re1 {[%clk 0:26:46]} Bf6 {[%clk 0:22:36]} 32. Be4
{[%clk 0:23:12]} Qc7 {[%clk 0:18:04]} 33. h5 {[%clk 0:21:21]} Re5
{[%clk 0:16:55]} 34. Bf5 {[%clk 0:12:52]} Qe7 {[%clk 0:13:44]} 35. Rxe5
{[%clk 0:10:50]} Qxe5 {[%clk 0:14:06]} 36. h6 {[%clk 0:11:08]} g6
{[%clk 0:11:35]} 37. Bd3 {[%clk 0:10:59]} a5 {[%clk 0:05:09]} 38. Bc4
{[%clk 0:08:19]} Bxc4 {[%clk 0:01:08]} 39. Rxc4 {[%clk 0:07:51]} Qe6
{[%clk 0:00:52]} 40. Qf4 {[%clk 0:37:40]} Qe5 {[%clk 0:30:39]} 41. Qf3
{[%clk 0:37:22]} Kf7 {[%clk 0:25:17]} 42. Qd3 {[%clk 0:36:37]} Qe1+
{[%clk 0:20:43]} 43. Kg2 {[%clk 0:36:53]} Qe6 {[%clk 0:21:04]} 44. Kh2
{[%clk 0:35:47]} Qf5 {[%clk 0:19:39]} 45. Qd2 {[%clk 0:33:36]} Ne6
{[%clk 0:18:27]} 46. Qd7+ {[%clk 0:32:00]} Be7 {[%clk 0:18:47]} 47. Kg1
{[%clk 0:30:43]} 1/2-1/2

[Event "High League 2022 women"]
[Site "Obninsk"]
[Date "2022.07.05"]
[Round "9.16"]
[White "Chervyakova, Tatiana"]
[Black "Nur-Mukhametova, Alisa"]
[Result "0-1"]
[LiveChessVersion "1.4.7"]
[BlackElo "2172"]
[WhiteElo "1641"]

1. e4 {[%clk 1:30:59]} c5 {[%clk 1:30:54]} 2. Nc3 {[%clk 1:31:20]} Nc6
{[%clk 1:30:54]} 3. g3 {[%clk 1:31:42]} g6 {[%clk 1:30:41]} 4. Bg2
{[%clk 1:32:05]} Bg7 {[%clk 1:30:46]} 5. d3 {[%clk 1:32:28]} e5 {[%clk 1:25:47]}
6. Be3 {[%clk 1:31:35]} d6 {[%clk 1:25:48]} 7. Nge2 {[%clk 1:30:32]} Nf6
{[%clk 1:24:21]} 8. h3 {[%clk 1:29:56]} O-O {[%clk 1:23:38]} 9. O-O
{[%clk 1:29:48]} Rb8 {[%clk 1:23:06]} 10. Qd2 {[%clk 1:28:54]} Ne8
{[%clk 1:17:49]} 11. f4 {[%clk 1:28:04]} exf4 {[%clk 1:16:42]} 12. Nxf4
{[%clk 1:26:19]} b5 {[%clk 1:11:29]} 13. Nd1 {[%clk 1:22:56]} Nc7
{[%clk 1:09:51]} 14. c3 {[%clk 1:17:55]} b4 {[%clk 1:00:58]} 15. d4
{[%clk 1:09:05]} bxc3 {[%clk 1:00:39]} 16. bxc3 {[%clk 1:07:53]} cxd4
{[%clk 0:56:44]} 17. cxd4 {[%clk 1:06:33]} Nb5 {[%clk 0:55:44]} 18. Ne2
{[%clk 1:04:25]} Qa5 {[%clk 0:52:05]} 19. Qxa5 {[%clk 0:56:48]} Nxa5
{[%clk 0:52:08]} 20. Rc1 {[%clk 0:50:22]} Ba6 {[%clk 0:48:58]} 21. Re1
{[%clk 0:44:22]} Rfc8 {[%clk 0:48:19]} 22. Rxc8+ {[%clk 0:41:01]} Rxc8
{[%clk 0:48:03]} 23. a4 {[%clk 0:36:58]} Na3 {[%clk 0:47:50]} 24. Kf2
{[%clk 0:32:06]} Nc2 {[%clk 0:46:29]} 25. Rg1 {[%clk 0:30:30]} Bxe2
{[%clk 0:44:00]} 26. Kxe2 {[%clk 0:30:52]} Nxd4+ {[%clk 0:35:11]} 27. Kd3 Rc4
{[%clk 0:34:12]} 28. Nc3 {[%clk 0:23:43]} Nc2 {[%clk 0:29:04]} 29. Kxc2
{[%clk 0:21:48]} Rxc3+ {[%clk 0:29:20]} 0-1

[Event "High League 2022 women"]
[Site "Obninsk"]
[Date "2022.07.05"]
[Round "9.17"]
[White "Ivanova, Anastasia S."]
[Black "Faizutdinova, Diana"]
[Result "0-1"]
[LiveChessVersion "1.4.7"]
[BlackElo "2023"]
[WhiteElo "1922"]

1. d4 {[%clk 1:30:57]} d5 {[%clk 1:30:46]} 2. c4 {[%clk 1:31:23]} c6
{[%clk 1:31:13]} 3. cxd5 {[%clk 1:31:50]} cxd5 {[%clk 1:31:39]} 4. Nc3
{[%clk 1:32:10]} Nc6 {[%clk 1:31:22]} 5. Nf3 {[%clk 1:30:31]} a6 {[%clk 1:30:11]}
6. Bf4 {[%clk 1:28:23]} Nf6 {[%clk 1:30:00]} 7. e3 {[%clk 1:27:34]} Bf5
{[%clk 1:28:21]} 8. Bd3 {[%clk 1:25:41]} Bxd3 {[%clk 1:28:10]} 9. Qxd3
{[%clk 1:26:07]} e6 {[%clk 1:27:24]} 10. O-O {[%clk 1:23:30]} Be7
{[%clk 1:25:35]} 11. h3 {[%clk 1:23:25]} O-O {[%clk 1:24:58]} 12. Rac1
{[%clk 1:20:09]} Rc8 {[%clk 1:18:11]} 13. Na4 {[%clk 1:17:07]} Ne4
{[%clk 1:11:55]} 14. Ne5 {[%clk 0:55:56]} Nb4 {[%clk 1:00:00]} 15. Rxc8
{[%clk 0:54:10]} Qxc8 {[%clk 1:00:09]} 16. Qe2 {[%clk 0:47:38]} Nxa2
{[%clk 0:57:24]} 17. Nb6 {[%clk 0:46:05]} Qd8 {[%clk 0:56:17]} 18. Ned7
{[%clk 0:32:36]} Re8 {[%clk 0:55:48]} 19. Qc2 {[%clk 0:31:23]} Nb4
{[%clk 0:55:09]} 20. Qc7 {[%clk 0:30:20]} Qxc7 {[%clk 0:52:18]} 21. Bxc7
{[%clk 0:30:45]} Nd6 {[%clk 0:40:14]} 22. Rc1 {[%clk 0:19:48]} Nb5
{[%clk 0:40:10]} 23. Bg3 {[%clk 0:19:07]} h5 {[%clk 0:36:58]} 24. Kf1
{[%clk 0:08:15]} Nc6 {[%clk 0:27:27]} 25. Nc5 {[%clk 0:07:14]} Bxc5
{[%clk 0:25:17]} 26. Rxc5 {[%clk 0:07:38]} f6 {[%clk 0:23:58]} 27. Na4
{[%clk 0:04:07]} Kf7 {[%clk 0:23:01]} 28. Rc1 {[%clk 0:03:06]} Re7
{[%clk 0:23:20]} 29. Nc5 {[%clk 0:03:12]} Nb4 {[%clk 0:23:32]} 30. Ke2
{[%clk 0:02:47]} e5 {[%clk 0:20:26]} 31. dxe5 {[%clk 0:03:05]} fxe5
{[%clk 0:20:53]} 32. f3 {[%clk 0:01:47]} d4 {[%clk 0:20:03]} 33. Bh4
{[%clk 0:00:56]} Rc7 {[%clk 0:18:36]} 34. Nd3 {[%clk 0:00:37]} Nxd3
{[%clk 0:16:34]} 35. Rxc7+ {[%clk 0:01:04]} Nxc7 {[%clk 0:17:00]} 36. Kxd3
{[%clk 0:01:31]} dxe3 {[%clk 0:17:17]} 37. Kxe3 {[%clk 0:01:38]} Ke6
{[%clk 0:17:06]} 38. Kd3 {[%clk 0:00:56]} Kd5 {[%clk 0:16:23]} 39. Kc3
{[%clk 0:00:37]} Ne6 {[%clk 0:16:15]} 40. Kb4 {[%clk 0:30:44]} Nf4
{[%clk 0:42:51]} 41. g4 {[%clk 0:29:45]} g6 {[%clk 0:35:42]} 42. Ka5
{[%clk 0:25:30]} Nxh3 {[%clk 0:35:03]} 43. gxh5 {[%clk 0:25:24]} gxh5
{[%clk 0:35:27]} 44. Kb6 {[%clk 0:25:14]} Ng1 {[%clk 0:35:43]} 45. f4
{[%clk 0:24:48]} exf4 {[%clk 0:35:31]} 46. Kxb7 {[%clk 0:25:11]} f3
{[%clk 0:34:14]} 47. Kxa6 {[%clk 0:25:34]} Nh3 {[%clk 0:31:46]} 48. b4
{[%clk 0:26:01]} f2 {[%clk 0:32:14]} 49. Bxf2 {[%clk 0:26:28]} Nxf2
{[%clk 0:32:40]} 50. b5 {[%clk 0:26:55]} Ne4 {[%clk 0:33:06]} 51. b6
{[%clk 0:27:22]} Nc5+ {[%clk 0:33:30]} 0-1

[Event "High League 2022 women"]
[Site "Obninsk"]
[Date "2022.07.05"]
[Round "9.18"]
[White "Grigorieva, Yulia"]
[Black "Kirchei, Viktoriia"]
[Result "0-1"]
[LiveChessVersion "1.4.7"]
[BlackElo "2159"]
[WhiteElo "2218"]

1. d4 {[%clk 1:30:57]} Nf6 {[%clk 1:30:53]} 2. c4 {[%clk 1:31:22]} e6
{[%clk 1:31:17]} 3. Nf3 {[%clk 1:31:47]} Bb4+ {[%clk 1:31:17]} 4. Bd2
{[%clk 1:31:21]} a5 {[%clk 1:31:40]} 5. a3 {[%clk 1:29:09]} Bxd2+
{[%clk 1:30:22]} 6. Qxd2 {[%clk 1:29:17]} b6 {[%clk 1:28:49]} 7. g3
{[%clk 1:23:30]} Bb7 {[%clk 1:28:02]} 8. Bg2 {[%clk 1:23:07]} d6 {[%clk 1:25:37]}
9. Nc3 {[%clk 1:20:58]} Ne4 {[%clk 1:23:19]} 10. Qc2 {[%clk 1:17:36]} Nxc3
{[%clk 1:22:09]} 11. Qxc3 {[%clk 1:17:42]} Nd7 {[%clk 1:18:43]} 12. d5
{[%clk 1:04:50]} e5 {[%clk 1:16:33]} 13. b3 {[%clk 1:00:54]} f5 {[%clk 1:12:23]}
14. e4 {[%clk 0:56:51]} fxe4 {[%clk 1:07:22]} 15. Nd2 {[%clk 0:56:38]} Nf6
{[%clk 1:03:11]} 16. Nxe4 {[%clk 0:50:15]} Nxe4 {[%clk 1:02:43]} 17. Bxe4
{[%clk 0:50:38]} Qf6 {[%clk 1:01:48]} 18. f3 {[%clk 0:44:22]} Bc8
{[%clk 0:55:53]} 19. Qd3 {[%clk 0:44:05]} g6 {[%clk 0:49:15]} 20. g4
{[%clk 0:42:27]} Rf8 {[%clk 0:41:29]} 21. O-O-O {[%clk 0:26:03]} Bf5
{[%clk 0:34:18]} 22. gxf5 {[%clk 0:16:58]} gxf5 {[%clk 0:34:27]} 23. Rdf1
{[%clk 0:15:44]} fxe4 {[%clk 0:33:33]} 24. fxe4 {[%clk 0:16:01]} Qh6+
{[%clk 0:33:07]} 25. Qd2 {[%clk 0:11:51]} Rxf1+ {[%clk 0:31:27]} 26. Rxf1
{[%clk 0:11:59]} Qh3 {[%clk 0:30:49]} 27. Rg1 {[%clk 0:11:07]} O-O-O
{[%clk 0:29:48]} 28. Kb2 {[%clk 0:10:16]} Rf8 {[%clk 0:27:37]} 29. Qc2
{[%clk 0:08:41]} Qe3 {[%clk 0:26:32]} 30. Rg2 {[%clk 0:05:34]} Qd4+
{[%clk 0:22:15]} 31. Ka2 {[%clk 0:05:59]} Rf1 {[%clk 0:22:08]} 32. Qb2
{[%clk 0:06:23]} Qxe4 {[%clk 0:21:18]} 33. Re2 {[%clk 0:05:51]} Qh1
{[%clk 0:18:06]} 34. b4 {[%clk 0:04:35]} a4 {[%clk 0:15:32]} 35. Rd2
{[%clk 0:01:41]} Rd1 {[%clk 0:13:45]} 36. c5 {[%clk 0:00:53]} Rxd2
{[%clk 0:10:45]} 37. Qxd2 {[%clk 0:01:22]} bxc5 {[%clk 0:10:07]} 38. bxc5
{[%clk 0:01:24]} dxc5 {[%clk 0:08:51]} 39. d6 {[%clk 0:01:23]} Qf3
{[%clk 0:06:11]} 40. d7+ {[%clk 0:30:43]} Kd8 {[%clk 0:36:32]} 41. Qg5+
{[%clk 0:29:15]} Kxd7 {[%clk 0:36:56]} 42. Qg7+ {[%clk 0:29:21]} Kc6
{[%clk 0:35:33]} 43. Qxh7 {[%clk 0:28:10]} Qb3+ {[%clk 0:33:48]} 44. Ka1
{[%clk 0:28:39]} Qxa3+ {[%clk 0:34:08]} 45. Kb1 {[%clk 0:29:06]} Qb3+
{[%clk 0:33:25]} 46. Kc1 {[%clk 0:28:45]} Qc3+ {[%clk 0:33:16]} 47. Kd1
{[%clk 0:28:50]} Qd4+ {[%clk 0:29:15]} 48. Ke2 {[%clk 0:27:44]} a3
{[%clk 0:28:19]} 49. Qg8 {[%clk 0:28:04]} Qb2+ {[%clk 0:26:24]} 50. Kf3
{[%clk 0:26:43]} Kb5 {[%clk 0:23:12]} 51. h4 {[%clk 0:25:32]} Kb4
{[%clk 0:21:25]} 52. Qb8+ {[%clk 0:25:08]} Kc4 {[%clk 0:21:16]} 53. Qg8+
{[%clk 0:23:44]} Kc3 {[%clk 0:19:05]} 54. Qd5 {[%clk 0:23:38]} Qb3
{[%clk 0:18:31]} 55. Qxc5+ {[%clk 0:19:08]} Kb2+ {[%clk 0:18:04]} 56. Kg4
{[%clk 0:18:32]} Qd1+ {[%clk 0:17:46]} 57. Kg3 {[%clk 0:17:33]} Qd3+
{[%clk 0:18:10]} 58. Kh2 {[%clk 0:17:48]} Qc2+ {[%clk 0:18:31]} 0-1

[Event "High League 2022 women"]
[Site "Obninsk"]
[Date "2022.07.05"]
[Round "9.19"]
[White "Satanovskaia, Evgeniia"]
[Black "Abakarova, Amina"]
[Result "1/2-1/2"]
[LiveChessVersion "1.4.7"]
[BlackElo "1825"]
[WhiteElo "1837"]

1. d4 {[%clk 1:30:58]} d5 {[%clk 1:30:55]} 2. c4 {[%clk 1:31:14]} e6
{[%clk 1:31:17]} 3. Nf3 {[%clk 1:30:58]} Nf6 {[%clk 1:31:40]} 4. e3
{[%clk 1:30:38]} c6 {[%clk 1:31:59]} 5. Nbd2 {[%clk 1:29:00]} Nbd7
{[%clk 1:31:54]} 6. Bd3 {[%clk 1:29:12]} dxc4 {[%clk 1:31:51]} 7. Nxc4
{[%clk 1:25:23]} b5 {[%clk 1:30:34]} 8. Nce5 {[%clk 1:22:32]} Bb7
{[%clk 1:30:11]} 9. O-O {[%clk 1:22:44]} Be7 {[%clk 1:30:25]} 10. b3
{[%clk 1:20:29]} O-O {[%clk 1:30:37]} 11. Bb2 {[%clk 1:19:39]} a6
{[%clk 1:30:13]} 12. Qc2 {[%clk 1:17:17]} Rc8 {[%clk 1:28:39]} 13. Rfd1
{[%clk 1:09:04]} h6 {[%clk 1:27:25]} 14. Rac1 {[%clk 1:05:59]} Nd5
{[%clk 1:20:24]} 15. Qb1 {[%clk 1:03:30]} Nxe5 {[%clk 1:16:00]} 16. Nxe5
{[%clk 1:01:23]} Bf6 {[%clk 1:15:19]} 17. Nf3 {[%clk 0:56:58]} Qe7
{[%clk 1:11:36]} 18. Rc5 {[%clk 0:55:19]} Rfe8 {[%clk 1:04:49]} 19. e4
{[%clk 0:47:15]} Nf4 {[%clk 1:01:54]} 20. Bf1 {[%clk 0:38:23]} Qf8
{[%clk 1:00:03]} 21. g3 {[%clk 0:33:35]} Ng6 {[%clk 0:59:56]} 22. a4
{[%clk 0:26:04]} e5 {[%clk 0:51:30]} 23. Rdc1 {[%clk 0:12:32]} Be7
{[%clk 0:48:20]} 24. Nxe5 {[%clk 0:07:20]} Bxc5 {[%clk 0:41:26]} 25. Nxg6
{[%clk 0:04:38]} fxg6 {[%clk 0:37:22]} 26. Rxc5 {[%clk 0:04:39]} Qf3
{[%clk 0:36:37]} 27. Bd3 {[%clk 0:03:35]} Rf8 {[%clk 0:36:01]} 28. Qc2
{[%clk 0:03:22]} Rc7 {[%clk 0:25:44]} 29. Qe2 {[%clk 0:00:37]} Rcf7
{[%clk 0:24:19]} 30. Rc2 {[%clk 0:00:44]} Bc8 {[%clk 0:21:44]} 31. Qxf3
{[%clk 0:00:36]} Rxf3 {[%clk 0:22:04]} 32. Rd2 {[%clk 0:00:36]} Be6
{[%clk 0:20:51]} 33. axb5 {[%clk 0:00:51]} axb5 {[%clk 0:20:52]} 34. b4
{[%clk 0:00:47]} g5 {[%clk 0:17:21]} 35. Bc2 {[%clk 0:00:58]} Bc4
{[%clk 0:16:56]} 36. h3 {[%clk 0:00:42]} Ra8 {[%clk 0:16:50]} 37. Kg2
{[%clk 0:00:42]} Rf7 {[%clk 0:16:22]} 38. Bb1 {[%clk 0:00:38]} Ra4
{[%clk 0:15:56]} 39. Bc2 {[%clk 0:00:43]} Ra8 {[%clk 0:14:52]} 40. f3
{[%clk 0:30:36]} h5 {[%clk 0:41:48]} 41. Rf2 {[%clk 0:21:17]} Be6
{[%clk 0:40:00]} 42. f4 {[%clk 0:19:13]} g6 {[%clk 0:36:27]} 43. h4
{[%clk 0:14:32]} gxf4 {[%clk 0:33:35]} 44. gxf4 {[%clk 0:14:44]} Ra2
{[%clk 0:33:01]} 45. Bc1 {[%clk 0:13:25]} Ra8 {[%clk 0:28:54]} 46. Bb2
{[%clk 0:03:45]} Raf8 {[%clk 0:27:35]} 47. Bc1 {[%clk 0:03:10]} Rd7
{[%clk 0:25:34]} 48. Bb2 {[%clk 0:01:19]} Kf7 {[%clk 0:24:33]} 49. d5
{[%clk 0:00:33]} cxd5 {[%clk 0:24:09]} 50. f5 {[%clk 0:00:57]} gxf5
{[%clk 0:16:23]} 51. exf5 {[%clk 0:01:07]} Ke7 {[%clk 0:15:54]} 52. Re2
{[%clk 0:00:36]} Rd6 {[%clk 0:14:22]} 53. Bd4 {[%clk 0:00:33]} Kf7
{[%clk 0:11:35]} 54. fxe6+ {[%clk 0:00:34]} Rxe6 {[%clk 0:11:23]} 55. Rf2+
{[%clk 0:00:49]} Ke8 {[%clk 0:11:10]} 56. Rxf8+ Kxf8 {[%clk 0:11:38]} 57. Bd3
{[%clk 0:00:33]} Kf7 {[%clk 0:09:42]} 58. Kg3 {[%clk 0:00:33]} Re8
{[%clk 0:09:03]} 59. Kf4 {[%clk 0:00:33]} Re1 {[%clk 0:08:23]} 60. Bf5
{[%clk 0:00:35]} Rf1+ {[%clk 0:05:26]} 61. Ke5 {[%clk 0:00:33]} Rh1
{[%clk 0:05:17]} 62. Be6+ {[%clk 0:00:34]} Kg6 {[%clk 0:04:43]} 63. Bf5+
{[%clk 0:00:51]} Kf7 {[%clk 0:05:05]} 64. Be6+ {[%clk 0:00:47]} Kg6
{[%clk 0:05:29]} 65. Bf5+ {[%clk 0:00:36]} Kf7 {[%clk 0:05:53]} 66. Be6+
{[%clk 0:00:43]} Kg6 {[%clk 0:06:16]} 1/2-1/2

[Event "High League 2022 women"]
[Site "Obninsk"]
[Date "2022.07.05"]
[Round "9.20"]
[White "Getman, Tatyana"]
[Black "Dryaeva, Lana"]
[Result "1-0"]
[LiveChessVersion "1.4.7"]
[BlackElo "1594"]
[WhiteElo "2148"]

1. d4 {[%clk 1:30:58]} d5 {[%clk 1:30:55]} 2. c4 {[%clk 1:31:22]} e6
{[%clk 1:31:19]} 3. Nc3 {[%clk 1:31:47]} c6 {[%clk 1:31:44]} 4. e4
{[%clk 1:30:53]} dxc4 {[%clk 1:31:55]} 5. Bxc4 {[%clk 1:30:51]} Nf6
{[%clk 1:31:42]} 6. Nf3 {[%clk 1:30:04]} Be7 {[%clk 1:30:40]} 7. O-O
{[%clk 1:30:23]} O-O {[%clk 1:31:02]} 8. Be3 {[%clk 1:28:42]} b6 {[%clk 1:27:54]}
9. Qc2 {[%clk 1:28:11]} Ba6 {[%clk 1:23:42]} 10. b3 {[%clk 1:28:06]} Bb7
{[%clk 1:20:28]} 11. Rfd1 {[%clk 1:28:18]} Nbd7 {[%clk 1:20:17]} 12. Bd3
{[%clk 1:22:27]} g6 {[%clk 1:07:49]} 13. h4 {[%clk 1:21:28]} Ng4 {[%clk 1:03:08]}
14. Bg5 {[%clk 1:21:00]} Bxg5 {[%clk 0:56:39]} 15. hxg5 {[%clk 1:20:08]} e5
{[%clk 0:48:34]} 16. Be2 {[%clk 1:09:03]} exd4 {[%clk 0:41:49]} 17. Rxd4
{[%clk 1:09:24]} Qe7 {[%clk 0:35:30]} 18. Rad1 {[%clk 1:09:35]} Bc8
{[%clk 0:32:19]} 19. Qd2 {[%clk 1:07:54]} Nc5 {[%clk 0:28:47]} 20. b4
{[%clk 1:04:37]} Ne6 {[%clk 0:19:59]} 21. Rd6 {[%clk 1:04:45]} Qb7
{[%clk 0:15:26]} 22. e5 {[%clk 1:04:21]} Kg7 {[%clk 0:14:26]} 23. Ne4
{[%clk 1:04:13]} h5 {[%clk 0:11:47]} 24. Nf6 {[%clk 1:03:25]} a5 {[%clk 0:11:13]}
25. b5 {[%clk 1:02:39]} cxb5 {[%clk 0:07:46]} 26. Bxb5 {[%clk 1:03:01]} Rb8
{[%clk 0:07:04]} 27. a4 {[%clk 0:59:29]} Nc7 {[%clk 0:05:24]} 28. Bc6
{[%clk 0:58:46]} Qa6 {[%clk 0:05:49]} 29. Nd4 {[%clk 0:57:58]} Qc4
{[%clk 0:03:21]} 30. Qf4 {[%clk 0:57:36]} Qa2 {[%clk 0:03:05]} 31. Bd7
{[%clk 0:55:20]} Rb7 {[%clk 0:00:31]} 32. Bxc8 {[%clk 0:55:15]} Rxc8
{[%clk 0:01:00]} 33. Nxg4 {[%clk 0:55:24]} Ne8 {[%clk 0:01:05]} 34. Ne3
{[%clk 0:54:49]} Nxd6 {[%clk 0:00:36]} 35. exd6 {[%clk 0:55:14]} Qb2
{[%clk 0:00:40]} 36. d7 {[%clk 0:55:04]} Rxd7 {[%clk 0:00:37]} 37. Ndf5+
{[%clk 0:55:29]} gxf5 {[%clk 0:00:50]} 38. Rxd7 {[%clk 0:55:42]} Rc1+
{[%clk 0:00:34]} 39. Kh2 {[%clk 0:56:09]} Qa1 {[%clk 0:00:33]} 40. Nxf5+
{[%clk 1:26:27]} 1-0

[Event "High League 2022 women"]
[Site "Obninsk"]
[Date "2022.07.05"]
[Round "9.21"]
[White "Malysheva, Viktoriya"]
[Black "Kuznetsova, Marina"]
[Result "0-1"]
[LiveChessVersion "1.4.7"]
[BlackElo "2043"]
[WhiteElo "1563"]

1. e4 {[%clk 1:30:59]} e5 {[%clk 1:30:56]} 2. Nf3 {[%clk 1:31:23]} Nc6
{[%clk 1:31:22]} 3. Bb5 {[%clk 1:31:49]} a6 {[%clk 1:31:48]} 4. Ba4
{[%clk 1:32:13]} Nge7 {[%clk 1:32:12]} 5. Nc3 {[%clk 1:31:19]} d6
{[%clk 1:28:00]} 6. d4 {[%clk 1:30:47]} b5 {[%clk 1:25:18]} 7. Bb3
{[%clk 1:31:10]} Nxd4 {[%clk 1:20:23]} 8. Nxd4 {[%clk 1:27:32]} exd4
{[%clk 1:20:47]} 9. Nd5 {[%clk 1:26:37]} c5 {[%clk 1:17:13]} 10. Nxe7
{[%clk 1:10:41]} Bxe7 {[%clk 1:16:27]} 11. Bd5 {[%clk 1:10:44]} Rb8
{[%clk 1:15:11]} 12. a4 {[%clk 1:10:37]} Bb7 {[%clk 1:05:49]} 13. Bxb7
{[%clk 1:10:09]} Rxb7 {[%clk 1:06:10]} 14. Qh5 {[%clk 1:08:28]} O-O
{[%clk 1:03:30]} 15. Ra3 {[%clk 1:06:39]} g6 {[%clk 0:49:16]} 16. Qd5
{[%clk 1:05:04]} Rb8 {[%clk 0:34:13]} 17. axb5 {[%clk 1:01:34]} axb5
{[%clk 0:34:33]} 18. h4 {[%clk 0:52:58]} Ra8 {[%clk 0:31:39]} 19. h5
{[%clk 0:40:11]} Rxa3 {[%clk 0:28:41]} 20. hxg6 {[%clk 0:37:20]} hxg6
{[%clk 0:05:30]} 21. bxa3 {[%clk 0:37:24]} Qa8 {[%clk 0:05:36]} 22. Qb3
{[%clk 0:36:38]} Qxe4+ {[%clk 0:05:46]} 23. Kf1 {[%clk 0:37:03]} Bf6
{[%clk 0:03:08]} 24. Qh3 {[%clk 0:36:54]} Re8 {[%clk 0:03:27]} 25. Qh7+
{[%clk 0:34:23]} Kf8 {[%clk 0:03:53]} 26. Bh6+ {[%clk 0:34:09]} Ke7
{[%clk 0:04:20]} 27. Bg7 {[%clk 0:32:38]} Kd7 {[%clk 0:03:45]} 28. Kg1
{[%clk 0:31:40]} Bxg7 {[%clk 0:03:38]} 29. Qxg7 {[%clk 0:31:51]} Qe1+
{[%clk 0:03:49]} 30. Kh2 {[%clk 0:32:14]} Qxf2 {[%clk 0:04:04]} 31. Qh6
{[%clk 0:32:01]} Re5 {[%clk 0:04:03]} 0-1